|
|
|
|
| LEADER |
01013nam a2200253 a 4500 |
| 001 |
2580498 |
| 008 |
090817s1997 nyu b 001 0 eng d |
| 010 |
|
|
|a 96033241
|
| 020 |
|
|
|a 0582289920 (ppr)
|
| 040 |
|
|
|a DLC
|c DLC
|
| 082 |
0 |
0 |
|a 418/.007
|2 20
|
| 245 |
0 |
0 |
|a Autonomy and independence in language learning /
|c edited by Phil Benson and Peter Voller.
|
| 260 |
|
|
|a New York :
|b Longman,
|c 1997.
|
| 300 |
|
|
|a xiii, 270 p. :
|b ill. ;
|c 22 cm.
|
| 490 |
0 |
|
|a Applied linguistics and language study
|
| 504 |
|
|
|a Includes bibliographical references (p.249-264) and index.
|
| 541 |
1 |
|
|e 00012383
|
| 650 |
|
0 |
|a Language and languages
|x Study and teaching.
|
| 650 |
|
0 |
|a Independent study.
|
| 700 |
1 |
|
|a Benson, Phil,
|d 1955-
|
| 700 |
1 |
|
|a Voller, Peter.
|
| 852 |
4 |
|
|a Ayesha Abed Library
|j General shelf
|
| 999 |
|
|
|c 3197
|d 3197
|
| 952 |
|
|
|0 0
|1 4
|2 ddc
|4 0
|6 418_007000000000000_AUT
|7 0
|9 2897
|a BRACUL
|b BRACUL
|c GEN
|d 2009-08-30
|g 0.00
|l 0
|o 418.007 AUT
|p 3010012383
|r 2009-08-30
|t 1
|w 2009-08-30
|y BK
|x No price found in the accession register.
|